LEADER 02202oam 2200541 450 001 9910706797803321 005 20180112141312.0 035 $a(CKB)5470000002457475 035 $a(OCoLC)980364895$z(OCoLC)896809989 035 $a(OCoLC)995470000002457475 035 $a(EXLCZ)995470000002457475 100 $a20170331d1972 ua 0 101 0 $aeng 135 $aurmn||||||||| 181 $ctxt$2rdacontent 182 $cn$2rdamedia 183 $anc$2rdacarrier 200 10$aPreliminary results of injecting highly treated sewage-plant effluent into a deep sand aquifer at Bay Park, New York /$fby John Vecchioli and Henry F.H. Ku; prepared in cooperation with the Nassau County Department of Public Works 210 1$aWashington :$cUnited States Department of the Interior, Geological Survey,$d1972. 215 $a1 online resource (iii, A1-A14 pages) $cillustrations 225 1 $aGeological Survey professional paper ;$v751-A 300 $a"Deep-well artificial recharge experiments at Bay Park Long Island, New York." 320 $aIncludes bibliographical references (pages A13-A14). 606 $aArtificial groundwater recharge$zNew York (State)$zBay Park 606 $aSewage disposal in the ground$zNew York (State)$zBay Park 606 $aDeep-well disposal$zNew York (State)$zBay Park 606 $aArtificial groundwater recharge$2fast 606 $aDeep-well disposal$2fast 606 $aSewage disposal in the ground$2fast 607 $aNew York (State)$zBay Park$2fast 615 0$aArtificial groundwater recharge 615 0$aSewage disposal in the ground 615 0$aDeep-well disposal 615 7$aArtificial groundwater recharge. 615 7$aDeep-well disposal. 615 7$aSewage disposal in the ground. 700 $aVecchioli$b John$01385981 702 $aKu$b Henry F. H. 712 02$aGeological Survey (U.S.), 801 0$bOCLCE 801 1$bOCLCE 801 2$bCOP 801 2$bOCLCF 801 2$bGPO 906 $aBOOK 912 $a9910706797803321 996 $aPreliminary results of injecting highly treated sewage-plant effluent into a deep sand aquifer at Bay Park, New York$93490894 997 $aUNINA LEADER 02362nas 22006493 450 001 996546858403316 005 20190805020404.1 011 $a2379-7363 024 7 $a10.4018/IJBIDE 035 $a(DE-599)ZDB2847304-8 035 $a(OCoLC)911137653 035 $a(CKB)3880000000006558 035 $a(CONSER)--2015202099 035 $a(EXLCZ)993880000000006558 100 $a20150617a20169999 --- a 101 0 $aeng 135 $aur||||||||||| 181 $ctxt$2rdacontent 182 $cc$2rdamedia 183 $acr$2rdacarrier 200 00$aInternational journal of bias, identity and diversities in education 210 1$aHershey, PA :$cIGI Global,$d2016- 300 $aRefereed/Peer-reviewed 311 $a2379-7355 517 1 $aBias, identity and diversities in education 517 1 $aIJBIDE 606 $aDiscrimination in education$vPeriodicals 606 $aGender identity in education$vPeriodicals 606 $aSocialization$xEducation$vPeriodicals 606 $aGender identity in education$2fast$3(OCoLC)fst00939606 606 $aDiscrimination in education$2fast$3(OCoLC)fst00895037 608 $aPeriodicals.$2fast 610 $aBullying, bias, segregation, discrimination in education 610 $aDiversities and informal learning 610 $aDiversities and multilingual education 610 $aInclusive education 610 $aMedia representations of diversities in education 610 $aMultimodality and diversities 610 $aPlace/space and diversities 610 $aTeachers of diverse backgrounds 610 $aSchool choices and diversities 610 $aSocial action and diversities 610 $aSocial processes and diversification/differentiation 610 $aTeaching material and diversities 610 $aCommodification of diversities in education 610 $aGlobalization and diversities 615 0$aDiscrimination in education 615 0$aGender identity in education 615 0$aSocialization$xEducation 615 7$aGender identity in education. 615 7$aDiscrimination in education. 676 $a370.8 712 02$aInformation Resources Management Association. 906 $aJOURNAL 912 $a996546858403316 996 $aInternational journal of bias, identity and diversities in education$93552149 997 $aUNISA LEADER 01229nam 2200433 450 001 9910798734703321 005 20230213222733.0 035 $a(CKB)3710000000885554 035 $a(MiAaPQ)EBC4698583 035 $a(Au-PeEL)EBL4698583 035 $a(CaPaEBR)ebr11272158 035 $a(CaONFJC)MIL958328 035 $a(OCoLC)960042009 035 $a(EXLCZ)993710000000885554 100 $a20161010h18871887 uy 1 101 0 $aeng 135 $aurcnu|||||||| 181 $2rdacontent 182 $2rdamedia 183 $2rdacarrier 200 10$aAllan Quatermain /$fH. Rider Haggard ; cover design by Amanda Shaffer 210 1$aNew York, New York :$cOpen Road Integrated Media,$d1887. 210 4$dİ1887 215 $a1 online resource (189 pages) 311 $a1-5040-4114-3 606 $aAdventure stories 606 $aAdventure and adventurers$zAfrica 615 0$aAdventure stories. 615 0$aAdventure and adventurers 676 $a808.8387 700 $aHaggard$b H. Rider$0196595 702 $aShaffer$b Amanda 801 0$bMiAaPQ 801 1$bMiAaPQ 801 2$bMiAaPQ 906 $aBOOK 912 $a9910798734703321 996 $aAllan Quatermain$93721666 997 $aUNINA